Responses for Show #8210 - Friday, April 24, 2020

Sarah Jett Rayburn game 1.

Contestants

[<< previous game]

Sarah Jett Rayburn, a writer and stay-at-home mom from Hutto, Texas

Shawn Dugas, a library associate from Metairie, Louisiana

Tim Latham, an accountant from Boston, Massachusetts (whose 1-day cash winnings total $21,200)

[next game >>]

Jeopardy! Round responses

GET YOUR KICKS
THE NIFTY '50s
STATE FLAG SUBJECTS
DOUBLE LETTER X2
(Alex: There will be two sets of double letters in each correct response.)
IT'S THE WORLD ECONOMY
"STUPID"
    $200 27
[The end-of-round signal sounds.]

ballet

Tim
    $200 6
Sputnik

Tim
    $200 19
coffee

Sarah
    $400 26
a free kick

Triple Stumper
    $400 20
(Sarah: Who is Jim Thorpe?)

(Roger) Bannister

TimSarah
    $400 25
(Tim: What are the Sun and the Moon?)

the Big Dipper and the North Star

TimShawn
    $400 18
bassoon

Sarah
    $400 24
tourism

Shawn
    $400 8
Stupid is as stupid does

Shawn
    $600 13
Kickstarter

Tim
    $2,000 17
the AFL and CIO

Shawn
    $600 23
(Alex: Less than a minute.)

the Confederate flag

Tim
    $600 9
penniless

Tim
    $600 16
bananas

Shawn
    $600 3
Keep it simple, stupid

Tim
    $800 14
finishing

Triple Stumper
    $800 12
the Nautilus

Triple Stumper
    $800 22
Oregon

Shawn
    $800 11
a woodcutter

Tim
    $800 5
unemployment

Sarah
    $800 2
Crazy, Stupid, Love

Sarah
    $1000 15
champagne

Shawn
    $1000 7
Adlai Stevenson

Sarah
    $1000 21
bears

Triple Stumper
    $1000 10
buttress

Tim
    $1000 4
Germany

Tim
    $1000 1
(Tim: What is fat, dumb, and stupid?)
...
(Alex: Tim realizes that instead of saying "dumb", it's "drunk".)
(Tim: My favorite part.)
[Laughter]

Fat, drunk, and stupid

Tim
Triple Stumper

Scores at the first commercial break (after clue 15):

Tim Shawn Sarah
$3,800 $1,400 $2,600

Scores at the end of the Jeopardy! Round:

Tim Shawn Sarah
$4,600 $5,600 $2,800

Double Jeopardy! Round responses

HERE'S LOOKING AT EUCLID
SPY TERMS
20th CENTURY AUTHORS
LAND "HO"!
MOVIE VILLAIN QUOTES
OVERLAPPING WORD COMBOS
(Alex: An example: "an urgent appeal plus the absence of difficulty equals this polite request", so "plea" and "ease" will give you "please".)
    $400 28
Alexandria

Shawn
    $400 30
Black Ops

Tim
    $400 7
Doctor Dolittle

Shawn
    $400 11
Hoboken

Tim
    $400 1
Die Hard

Tim
    $400 29
million

Tim
    $800 24
Elements

Tim
    $3,000 16
cloak & dagger

Tim
    $800 8
national conventions (Democratic and Republican)

Shawn
    $800 13
(Tim: What's the Seed of the Saint?)

the Holy See

TimSarah
    $800 3
The Matrix

Tim
    $800 20
Bombay

Shawn
    $1200 25
the Pythagorean

Tim
    $1200 17
a honey trap

Sarah
    $1200 6
Damon

Sarah
    $1200 14
(Shawn: What is Honshu?)

Hokkaido

TimShawn
    $1200 5
Misery

Shawn
    $1200 21
a coronation

Sarah
    $1600 26
irrational

Tim
    $1600 18
a handler

Tim
    $1600 9
Elmore Leonard

Sarah
    $1600 12
Hobart

Sarah
    $1600 4
Whiplash

Tim
    $1600 22
address

Sarah
    $6,000 27
(Tim: Oh. Who is Copernicus?)

Johannes Kepler

Tim
    $2000 19
a burn notice

Tim
    $2000 10
The French Lieutenant's Woman

Sarah
    $2000 15
Holstein

Triple Stumper
    $2000 2
Cape Fear

Sarah
    $2000 23
a hornet

Tim

Scores at the end of the Double Jeopardy! Round:

Tim Shawn Sarah
$15,200 $8,000 $16,000

[wagering suggestions for these scores]

Final Jeopardy! Round responses

MEN & MACHINES
(Alex: [To Sarah] Looks like you had written down "Aston" and crossed it out.)
(Sarah: I did, I did! I almost put "Aston"!)
(Alex: Well--)
(Sarah: That would've been so wrong!)
(Alex: Hey, it--it worked out beautifully
You have $31,000 to enjoy this weekend.
Come back and play again on Monday. And you join us, too. So long, everybody.)
ShawnWho is support your libraries
$7,998
TimWho is Rolls?
$15,200
SarahWho is Aston Rolls?
$15,000
(Charles) Rolls

Final scores:

Tim Shawn Sarah
$30,400 $2 $31,000
2nd place: $2,000 3rd place: $1,000 New champion: $31,000

Game dynamics:

Coryat scores:

Tim Shawn Sarah
$19,000 $6,600 $16,000
24 R
(including 1 DD),
4 W
(including 1 DD)
12 R
(including 1 DD),
1 W
14 R,
1 W

Combined Coryat: $41,600

[game clues] [game scores] [suggest correction]

Game tape date: 2020-02-18
The J! Archive is created by fans, for fans. Scraping, republication, monetization, and malicious use prohibited; this site may use cookies and collect identifying information. See terms. The Jeopardy! game show and all elements thereof, including but not limited to copyright and trademark thereto, are the property of Jeopardy Productions, Inc. and are protected under law. This website is not affiliated with, sponsored by, or operated by Jeopardy Productions, Inc. Join the discussion at JBoard.tv.